World's Shortest Borders Quiz Stats

 Plays Quiz Updated Jul 2, 2018

Challenge
Share
Tweet
Embed
Score 0/30 Timer 10:00
7 Plays Today
Rank Bordering Countries % Correct
1Italy and Vatican City
93.5%
10Italy and San Marino
81.4%
2France and Monaco
80.9%
16Andorra and Spain
80.5%
12Andorra and France
78.3%
11Liechtenstein and Switzerland
65.8%
8Austria and Liechtenstein
63.8%
18France and Luxembourg
56.6%
17Denmark and Germany
44%
14Qatar and Saudi Arabia
38.4%
=21Israel and Lebanon
31.8%
6North Korea and Russia
31.3%
30Djibouti and Eritrea
24.6%
5Morocco and Spain (Ceuta and Melilla)
20.9%
29Mozambique and eSwatini
20.5%
Rank Bordering Countries % Correct
19Afghanistan and China
20.4%
13Djibouti and Somalia
19.9%
20Israel and Syria
19.7%
4Egypt and Palestine
19.3%
=21Kosovo and Montenegro
15.9%
7Croatia and Montenegro
15.8%
9Armenia and Iran
10.1%
3Azerbaijan and Turkey
9.9%
27Hungary and Slovenia
9.5%
24Slovakia and Ukraine
9%
=25Austria and Slovakia
8.2%
28Hungary and Ukraine
6.4%
15Macedonia and Serbia
6.1%
=25Lithuania and Poland
5%
23Chad and Nigeria
2.8%

You're not logged in!

Compare scores with friends on all Sporcle quizzes.
Join for Free
OR
Log In

You Might Also Like...

Show Comments

Extras

Top Quizzes Today


Score Distribution

Your Account Isn't Verified!

In order to create a playlist on Sporcle, you need to verify the email address you used during registration. Go to your Sporcle Settings to finish the process.

Report this User

Report this user for behavior that violates our Community Guidelines.

Details: